Backward City Names - Statistics

General Stats
  • This quiz has been taken 3 times
  • The average score is 13 of 102
Answers on the Map
Answers color-coded by a green-red scale on the quiz's map according to % correct below.
 
Answer Stats
Country City population City % Correct
Nigeria 1160000 Aba
100%
Nigeria 181409 Epe
100%
Nigeria 386723 Oyo
100%
Nigeria 174152 Ada
67%
Japan 87668 Ama
67%
Sierra Leone 233684 Bo
67%
Nigeria 159866 Ede
67%
Canada 438366 Laval
67%
Russia 30369 Ob
67%
Uganda 10800 Amuru
33%
United States 20975 Anna
33%
Papua New Guinea 36443 Arawa
33%
Philippines 19218 Atok
33%
Japan 35631 Awa
33%
Japan 27107 Awara
33%
Spain 24210 Ibi
33%
Nigeria 50000 Iju
33%
Japan 24873 Iki
33%
India 1001694 Kota
33%
Bulgaria 21425 Lom
33%
Japan 47609 Ono
33%
Russia 19369 Osa
33%
Nigeria 222262 Owo
33%
Philippines 81799 Ubay
33%
Japan 179626 Uji
33%
Japan 122371 Uruma
33%
Japan 22177 Yabu
33%
Mexico 15001 Acala
0%
Spain 50549 Adeje
0%
China 20985 Agan
0%
Philippines 29947 Agno
0%
Iran 100641 Ahar
0%
Turkey 19510 Alaca
0%
Mauritania 15521 Aleg
0%
Canada 30331 Alma
0%
India 39009 Amla
0%
Canada 12675 Amos
0%
Brazil 14206 Antas
0%
Mexico 39247 Apan
0%
Nigeria 217362 Apapa
0%
El Salvador 198528 Apopa
0%
Romania 145078 Arad
0%
Japan 16975 Arai
0%
China 158593 Aral
0%
Brazil 12212 Arara
0%
India 261430 Arrah
0%
Japan 24820 Aso
0%
Belgium 32958 Asse
0%
Portugal 425411 Aves
0%
Senegal 32941 Dara
0%
Netherlands 18828 Edam
0%
Madagascar 49915 Ejeda
0%
Canada 22970 Essa
0%
Somalia 21700 Eyl
0%
India 172813 Gadag
0%
Philippines 30655 Gamu
0%
India 10528 Garag
0%
Italy 71217 Gela
0%
India 35000 Harra
0%
Pakistan 22724 Idak
0%
Brazil 26678 Ipu
0%
Russia 36587 Irbit
0%
India 11835 Itāmāti
0%
Madagascar 22745 Ivato
0%
India 81404 Kadi
0%
Armenia 43190 Kapan
0%
Indonesia 54381 Karak
0%
Turkey 22747 Kavak
0%
Turkey 28694 Kınık
0%
Albania 17086 Laç
0%
Peru 16871 Lamas
0%
Australia 15772 Lara
0%
Israel 75700 Lod
0%
United Kingdom 12346 Lye
0%
Netherlands 12470 Made
0%
Philippines 39572 Manay
0%
India 30055 Mārgrām
0%
Senegal 17324 Matam
0%
Belgium 37022 Mol
0%
Brazil 27635 Mutum
0%
Philippines 133184 Naga
0%
Thailand 20012 Nan
0%
United States 81643 Napa
0%
Ireland 33886 Navan
0%
Russia 13980 Nevel
0%
Italy 24264 Noto
0%
France 12810 Noyon
0%
Guatemala 30534 Olopa
0%
Japan 18609 Onga
0%
Bolivia 351802 Oruro
0%
Namibia 10756 Otavi
0%
Philippines 98509 Oton
0%
Uzbekistan 30000 Pop
0%
Indonesia 69980 Raha
0%
Philippines 116771 Samal
0%
India 283004 Satna
0%
Ghana 22739 Seva
0%
Turkey 111789 Soma
0%
India 13794 Tibri
0%
Croatia 12699 Umag
0%
Philippines 59004 Upi
0%
India 76000 Yanam
0%
No matching quizzes found
Score Distribution
Percent of People with Each Score
Percentile by Number Answered
Your Score History
You have not taken this quiz